[Event "ESP-ch U16 Rapid"]
[Site "Salobrena"]
[Date "2022.07.30"]
[Round "3"]
[White "Gutierrez Guillen, Alfonso"]
[Black "Boix Redorta, Roc"]
[Result "1/2-1/2"]
[WhiteElo "1410"]
[BlackElo "1870"]
[PlyCount "115"]
[EventDate "2022.07.30"]
[EventType "swiss (rapid)"]
[EventRounds "9"]
[EventCountry "ESP"]
[SourceTitle "EXT 2023"]
[Source "ChessBase"]
[SourceDate "2022.10.05"]
[SourceVersion "1"]
[SourceVersionDate "2022.10.05"]
[SourceQuality "1"]

1. d4 Nf6 2. Bf4 d5 3. e3 c5 4. Nf3 Nc6 5. c3 Qb6 6. Qc2 cxd4 7. Nxd4 Nxd4 8. cxd4 a6 9. Bd3 Bg4 10. 0-0 Rc8 11. Nc3 Qd8 12. h3 Bh5 13. Qa4+ Qd7 14. Qxd7+ Kxd7 15. Na4 Rc6 16. Rac1 e6 17. Rxc6 bxc6 18. Bxa6 Bd6 19. Bxd6 Kxd6 20. Nc5 Ne4 21. Nxe4+ dxe4 22. Rc1 Rb8 23. b3 f5 24. Kf1 g5 25. Be2 Be8 26. Rc2 Bg6 27. Bc4 f4 28. a4 Rf8 29. Ke1 h5 30. Ra2 h4 31. a5 Ra8 32. a6 Ra7 33. Kd2 f3 34. gxf3 exf3 35. Bd3 Bf5 36. Bxf5 exf5 37. e4 g4 38. exf5 g3 39. Ke3 g2 40. Ra1 Rxa6 41. Rd1 Ra5 42. Kxf3 Rxf5+ 43. Kxg2 Kd5 44. f3 Rg5+ 45. Kf2 Rg3 46. f4 Rxh3 47. f5 Rxb3 48. Rh1 h3 49. f6 Ke6 50. Rc1 Kd5 51. f7 Rb8 52. Rh1 Rf8 53. Rxh3 Kxd4 54. Rf3 c5 55. Ke2 c4 56. Kd2 Ke4 57. Rf1 Kd5 58. Kc3 1/2-1/2

[Event "ESP-ch U10"]
[Site "Granada"]
[Date "2016.06.29"]
[Round "5"]
[White "Gutierrez Guillen, Alfonso"]
[Black "Abrisqueta Zudaire, Ines"]
[Result "1-0"]
[WhiteElo "1301"]
[BlackElo "1095"]
[PlyCount "105"]
[EventDate "2016.06.27"]
[EventType "swiss"]
[EventRounds "9"]
[EventCountry "ESP"]
[SourceTitle "EXT 2024"]
[Source "ChessBase"]
[SourceDate "2023.10.10"]
[SourceVersion "1"]
[SourceVersionDate "2023.10.10"]
[SourceQuality "1"]

1. d4 Nf6 2. Bg5 e6 3. e4 Be7 4. Nc3 d5 5. Bxf6 Bxf6 6. e5 Be7 7. Bb5+ c6 8. Bd3 0-0 9. Nge2 Nd7 10. Qd2 b5 11. a3 a5 12. 0-0 Bg5 13. f4 Bh4 14. Qe3 f5 15. exf6 Re8 16. fxg7 Qe7 17. Qh3 Kxg7 18. g3 Kh8 19. Qxh4 Qxh4 20. gxh4 Rg8+ 21. Kh1 Bb7 22. Rg1 c5 23. Bxb5 cxd4 24. Nxd4 Nf6 25. Rxg8+ Rxg8 26. Rg1 Ng4 27. Rg2 Bc8 28. h3 Ne3 29. Rxg8+ Kxg8 30. Kh2 Nxc2 31. Nxc2 Kf7 32. Kg3 Kf6 33. Kf3 Kg6 34. Be8+ Kf5 35. Ne3+ Kf6 36. Ng4+ Kf5 37. Ne2 e5 38. fxe5 Ke6 39. Nd4+ Ke7 40. Bc6 h5 41. Nf6 Bxh3 42. Nxh5 Kf7 43. Bxd5+ Ke7 44. Nc6+ Ke8 45. Nxa5 Kd7 46. Nf6+ Ke7 47. h5 Bf5 48. h6 Kf8 49. b4 Ke7 50. h7 Kd8 51. h8Q+ Kc7 52. Qg7+ Kb6 53. Qb7# 1-0